Kluby Anglii po emotkach - Statystyki

Ogólne statystyki
  • Ten quiz został rozwiązany 49 razy
  • Średni wynik to 4 z 5
Statystyki odpowiedzi
Hint Odpowiedź % Poprawnych
🟥👹 Manchester United
100%
🐓⬜ Tottenham
76%
🐺🇵🇹 Wolverhampton
71%
⛵🟦 Manchester City
64%
2️⃣🪖 Arsenal
60%
Nie znaleziono quizów pasujących do podanych kryteriów
Rozkład punktacji
Procent ludzi z każdym wynikiem
Percentyl według liczby udzielonych odpowiedzi
Twoja historia wyników
Nie rozwiązałeś tego quizu